00932 2200361 4500001002100000005001500021035002000036245008100056100001400137250000600151300003500157700000900192260004200201082001100243084001800254020002200272650002100294990001700315990001700332990001700349990001700366990001700383990001700400990001700417990001700434990001700451990001700468990001700485990001700502990001700519990001700536990001700553INLIS00000000000002120180724085804 a0010-07180000211 aAl-Luqah Al-'Arabiyyah :bPintar Berbahasa Arab 1 /cB. Nurani; Editor, Nuni0 aB. Nurani a- aiv, 44 hlm. :bilus. ;c25 cm.0 aNuni aBandung :bPT Sandiarta Sukses,c2009 a492.75 a492.75 NUR a a978-602-8147-75-0 aTata Bahasa Arab a00079/P/2018 a00080/P/2018 a00081/P/2018 a00082/P/2018 a00083/P/2018 a00082/P/2018 a00079/P/2018 a00080/P/2018 a00081/P/2018 a00083/P/2018 a00081/P/2018 a00079/P/2018 a00080/P/2018 a00082/P/2018 a00083/P/2018